|
|
|
|
| LEADER |
02295nam a2200445 4500 |
| 001 |
ocn829253435 |
| 003 |
OCoLC |
| 005 |
20170124070333.1 |
| 006 |
m o d |
| 007 |
cr cnu|||unuuu |
| 008 |
130307s2013 gw ob 001 0 eng d |
| 040 |
|
|
|a DG1
|b eng
|c DG1
|d YDXCP
|d OCLCF
|d OCLCQ
|d DG1
|d GrThAP
|
| 020 |
|
|
|a 9783527648887
|q (electronic bk.)
|
| 020 |
|
|
|a 3527648887
|q (electronic bk.)
|
| 029 |
1 |
|
|a AU@
|b 000050718500
|
| 029 |
1 |
|
|a CHBIS
|b 010441919
|
| 029 |
1 |
|
|a CHVBK
|b 334088364
|
| 029 |
1 |
|
|a GBVCP
|b 790200678
|
| 029 |
1 |
|
|a NZ1
|b 15340086
|
| 035 |
|
|
|a (OCoLC)829253435
|
| 050 |
|
4 |
|a QC721
|b .N34 2013
|
| 082 |
0 |
4 |
|a 539.7/2
|2 23
|
| 049 |
|
|
|a MAIN
|
| 100 |
1 |
|
|a Nagashima, Yorikiyo.
|
| 245 |
1 |
0 |
|a Elementary particle physics.
|n Volume 2,
|p Foundations of the standard model /
|c Yorikiyo Nagashima.
|
| 246 |
3 |
0 |
|a Foundations of the standard model
|
| 264 |
|
1 |
|a Weinheim :
|b Wiley-VCH,
|c [2013]
|
| 264 |
|
4 |
|c ©2013
|
| 300 |
|
|
|a 1 online resource
|
| 336 |
|
|
|a text
|b txt
|2 rdacontent
|
| 337 |
|
|
|a computer
|b c
|2 rdamedia
|
| 338 |
|
|
|a online resource
|b cr
|2 rdacarrier
|
| 505 |
0 |
|
|a Electroweak Dynamics. The Standard Model -- Neutral Current -- -- Physics at Resonance -- Precision Tests of the Electroweak Theory -- Cabibbo-Kobayashi-Maskawa Matrix -- QCD Dynamics. QCD -- Deep Inelastic Scattering -- Jets and Fragmentations -- Gluons -- Jets in Hadron Reactions -- Appendix A: Gamma Matrix Traces and Cross Sections -- Appendix B: Feynman Rules for the Electroweak Theory -- Appendix C: Radiative Corrections to the Gauge Boson Self-Energy -- Appendix D: 't Hooft's Gauge -- Appendix E: Fierz Transformation -- Appendix F: Collins-Soper Frame -- Appendix G: Multipole Expansion of the Vertex Function -- Appendix H: -- Appendix I: Unitarity Relation -- Appendix J: Model and the Chiral Perturbation Theory -- Appendix K: Splitting Function -- Appendix L: Answers to the Problems.
|
| 504 |
|
|
|a Includes bibliographical references and index.
|
| 588 |
0 |
|
|a Title page on PDF version; (Wiley Online Library; viewed on Mar. 7, 2013).
|
| 650 |
|
0 |
|a Particles (Nuclear physics)
|
| 650 |
|
7 |
|a Particles (Nuclear physics)
|2 fast
|0 (OCoLC)fst01054130
|
| 655 |
|
4 |
|a Electronic books.
|
| 856 |
4 |
0 |
|u https://doi.org/10.1002/9783527648887
|z Full Text via HEAL-Link
|
| 994 |
|
|
|a 92
|b DG1
|